000 00790nam a2200205 a 4500
003 0
005 20250514113314.0
008 970101s19uu xx 00 eng d
050 _aPHS TX 353
_b.D86 2004
100 _aDumangas, Arlene R.
245 _aA Study on the awareness of the consumers on food labels and nutrition facts of food products /
_cArlene R. Dumangas.
260 _aLas PiƱas City, Philippines :
_bSouthville International School and Colleges,
_c2004.
300 _a56 pages :
_billustrations ;
_c28 cm.
504 _aIncludes bibliographical references.
650 _aConsumer education
_zPhilippines.
650 _aConsumers
_xKnowledge
_zPhilippines.
650 _aNutrition
_xLabeling
_zPhilippines.
650 _aNutrition
_xLabeling
_zPhilippines.
942 _2lcc
_cPASS
999 _c97111
_d97111